[Event "3rd Sharjah Masters 2019"]
[Site "Sharjah"]
[Date "2019.03.27"]
[Round "6.37"]
[White "Sapaev, Maksad"]
[Black "Rathnakaran, K.."]
[Result "0-1"]
[WhiteElo "2214"]
[BlackElo "2361"]
[Annotator "NA"]
[PlyCount "88"]
[EventDate "2019.03.22"]
[EventType "swiss"]
[EventCountry "UAE"]
[SourceTitle "playchess.com"]
[Source "ChessBase"]
[SourceQuality "1"]
[TimeControl "5400+30"]

1. e4 {[%emt 0:01:20]} g6 {[%emt 0:00:00]} 2. d4 {[%emt 0:00:06]} d6 {[%emt 0:00:00]} 3. Nc3 {[%emt 0:00:03]} c6 {[%emt 0:00:00]} 4. Be3 {[%emt 0:00:52]} b5 {[%emt 0:00:01]} 5. Qd2 {[%emt 0:00:34]} a6 {[%emt 0:00:20]} 6. f3 {[%emt 0:00:46]} Bb7 {[%emt 0:00:08]} 7. h4 {[%emt 0:05:58]} Nd7 {[%emt 0:00:33]} 8. h5 {[%emt 0:01:15]} Bg7 {[%emt 0:00:20]} 9. a4 {[%emt 0:14:39]} Qc7 {[%emt 0:00:43]} 10. axb5 {[%emt 0:03:08]} cxb5 {[%emt 0:00:09]} 11. Bd3 {[%emt 0:11:08]} Ngf6 {[%emt 0:01:28]} 12. g4 {[%emt 0:04:01]} Nb6 {[%emt 0:00:08]} 13. b3 {[%emt 0:04:00]} Nfd7 {[%emt 0:04:46]} 14. Nce2 {[%emt 0:06:43]} e5 {[%emt 0:00:23]} 15. d5 {[%emt 0:03:43]} f5 {[%emt 0:10:02]} 16. Bxb6 {[%emt 0:09:21]} Nxb6 {[%emt 0:02:32]} 17. hxg6 {[%emt 0:00:49]} hxg6 {[%emt 0:00:40]} 18. Rxh8+ {[%emt 0:00:10]} Bxh8 {[%emt 0:00:07]} 19. gxf5 {[%emt 0:00:05]} gxf5 {[%emt 0:06:02]} 20. Qg5 {[%emt 0:00:25]} Qf7 {[%emt 0:00:10]} 21. Ng3 {[%emt 0:02:10]} Bc8 {[%emt 0:01:32]} 22. exf5 {[%emt 0:03:26]} Bf6 {[%emt 0:00:08]} 23. Qg4 {[%emt 0:01:00]} Ke7 {[%emt 0:00:28]} 24. c4 {[%emt 0:02:48]} Bd7 {[%emt 0:01:11]} 25. Qe4 {[%emt 0:03:26]} bxc4 {[%emt 0:00:41]} 26. Bxc4 {[%emt 0:02:09]} Rg8 {[%emt 0:01:47]} 27. N1e2 {[%emt 0:00:26]} Qh7 {[%emt 0:00:55]} 28. Kd2 {[%emt 0:06:20]} Qh2 {[%emt 0:08:43]} 29. Rh1 {[%emt 0:03:18]} Qf2 {[%emt 0:00:07]} 30. Rh7+ {[%emt 0:00:59]} Kd8 {[%emt 0:00:11]} 31. Nh5 {[%emt 0:03:24]} Bg5+ {[%emt 0:00:05]} 32. Kd1 {[%emt 0:06:12]} Nxc4 {[%emt 0:02:43]} 33. Rxd7+ {[%emt 0:00:18]} Kxd7 {[%emt 0:00:08]} 34. bxc4 {[%emt 0:00:05]} Rb8 {[%emt 0:00:51]} 35. Nhg3 {[%emt 0:01:17]} Rb2 {[%emt 0:00:25]} 36. Qd3 {[%emt 0:00:53]} Rd2+ {[%emt 0:00:11]} 37. Qxd2 {[%emt 0:00:01]} Bxd2 {[%emt 0:00:07]} 38. Kxd2 {[%emt 0:00:03]} Qxf3 {[%emt 0:00:08]} 39. f6 {[%emt 0:00:35]} a5 {[%emt 0:00:08]} 40. f7 {[%emt 0:00:06]} Ke7 {[%emt 0:00:10]} 41. c5 {[%emt 0:01:06]} dxc5 {[%emt 0:00:09]} 42. d6+ {[%emt 0:00:06]} Kxf7 {[%emt 0:00:10]} 43. Kc2 {[%emt 0:00:46]} Ke6 {[%emt 0:00:16]} 44. Nc3 {[%emt 0:00:05]} Qxg3 {[%emt 0:00:14]} 0-1

[Event "3rd Sharjah Masters 2019"]
[Site "Sharjah"]
[Date "2019.03.27"]
[Round "6.38"]
[White "Fenil, Shah"]
[Black "Dr., Murtaza Ali"]
[Result "1-0"]
[WhiteElo "2360"]
[BlackElo "2084"]
[Annotator "NA"]
[PlyCount "69"]
[EventDate "2019.03.22"]
[EventType "swiss"]
[EventCountry "UAE"]
[SourceTitle "playchess.com"]
[Source "ChessBase"]
[SourceQuality "1"]
[TimeControl "5400+30"]

1. d4 {[%emt 0:00:00]} d5 {[%emt 0:00:00]} 2. Nf3 {[%emt 0:00:29]} Nf6 {[%emt 0:00:00]} 3. Bf4 {[%emt 0:00:34]} e6 {[%emt 0:00:07]} 4. e3 {[%emt 0:00:10]} Bd6 {[%emt 0:00:27]} 5. Bg3 {[%emt 0:01:54]} O-O {[%emt 0:00:20]} 6. Bd3 {[%emt 0:00:13]} b6 {[%emt 0:00:38]} 7. Nbd2 {[%emt 0:02:47]} Bb7 {[%emt 0:00:13]} 8. c3 {[%emt 0:01:36]} c5 {[%emt 0:01:05]} 9. Qe2 {[%emt 0:03:23]} Ne4 {[%emt 0:01:02]} 10. Rd1 {[%emt 0:08:18]} c4 {[%emt 0:09:13]} 11. Bb1 {[%emt 0:07:18]} f5 {[%emt 0:02:28]} 12. Nxe4 {[%emt 0:05:32]} fxe4 {[%emt 0:00:06]} 13. Ne5 {[%emt 0:01:20]} Bxe5 {[%emt 0:02:23]} 14. Bxe5 {[%emt 0:01:27]} Nd7 {[%emt 0:00:31]} 15. Bg3 {[%emt 0:07:38]} Qg5 {[%emt 0:02:38]} 16. f3 {[%emt 0:09:22]} b5 {[%emt 0:00:55]} 17. O-O {[%emt 0:02:49]} Nf6 {[%emt 0:02:28]} 18. Be5 {[%emt 0:03:09]} Nd7 {[%emt 0:00:34]} 19. Bd6 {[%emt 0:01:01]} Rf7 {[%emt 0:00:55]} 20. fxe4 Rxf1+ {[%emt 0:00:52]} 21. Rxf1 {[%emt 0:00:53]} dxe4 {[%emt 0:00:03]} 22. Rf4 {[%emt 0:01:10]} h5 {[%emt 0:12:14]} 23. Qf2 {[%emt 0:07:31]} Nf6 {[%emt 0:05:52]} 24. Be7 {[%emt 0:01:31]} Kf7 {[%emt 0:01:03]} 25. Bxf6 {[%emt 0:00:39]} gxf6 {[%emt 0:00:02]} 26. Bxe4 {[%emt 0:00:08]} Bxe4 {[%emt 0:01:11]} 27. Rxe4 {[%emt 0:00:01]} Rg8 {[%emt 0:00:51]} 28. Rf4 {[%emt 0:00:33]} Qg6 {[%emt 0:02:59]} 29. e4 {[%emt 0:00:29]} Re8 {[%emt 0:01:14]} 30. h3 {[%emt 0:03:28]} a6 {[%emt 0:00:35]} 31. e5 {[%emt 0:00:26]} f5 {[%emt 0:00:28]} 32. d5 {[%emt 0:00:14]} exd5 {[%emt 0:04:49]} 33. Rxf5+ {[%emt 0:00:04]} Kg7 {[%emt 0:00:00]} 34. Qf4 {[%emt 0:01:07]} Kh7 {[%emt 0:02:40]} 35. Rf6 {[%emt 0:00:45]} 1-0

[Event "3rd Sharjah Masters 2019"]
[Site "Sharjah"]
[Date "2019.03.27"]
[Round "6.39"]
[White "Gukesh, D."]
[Black "Gandhi, Anish"]
[Result "1-0"]
[WhiteElo "2529"]
[BlackElo "2156"]
[Annotator "TA"]
[PlyCount "77"]
[EventDate "2019.03.22"]
[EventType "swiss"]
[EventCountry "UAE"]
[SourceTitle "playchess.com"]
[Source "ChessBase"]
[SourceQuality "1"]

{[%evp 20,77,5,-4,8,-12,12,0,0,0,23,-99,20,28,34,22,41,37,61,43,47,43,68,56,59,37,37,32,35,26,91,69,134,125,152,152,128,97,202,177,248,235,362,360,353,357,341,361,359,350,332,359,424,444,424,403,410,409,408,339]} 1. Nf3 Nf6 2. g3 g6 3. Bg2 Bg7 4. O-O O-O 5. d4 d5 6. c4 c6 7. Nbd2 a5 {[%cal Ba7a5,Ba5a4][%mdl 32]} 8. b3 a4 9. Bb2 Bf5 {D78: Fianchetto Grünfeld: 6 0-0 c6} (9... Ne4 10. Nxe4 dxe4 11. Ne1 c5 12. Nc2 Nc6 13. e3 f5 14. Bc3 Qc7 15. Na3 cxd4 16. Nb5 Qb8 17. exd4 Nxd4 18. Bxd4 {0-1 (29) Cordova,E (2609)-Ding,L (2804) Batumi 2018}) 10. Nh4 Be6 11. Qc2 {LiveBook: 14 Games} b5 {The position is equal.} 12. Bc3 $146 ({Predecessor:} 12. c5 Na6 13. bxa4 bxa4 14. Qxa4 Nxc5 15. Qxc6 Nfd7 16. dxc5 Bxb2 17. Rab1 Rxa2 {½-½ (39) Gouloutis,N (2388)-Tsaknakis,Z (2120) Thessaloniki 2018}) 12... Qb6 13. Rfb1 {aiming for bxa4.} Qa7 14. e3 Nbd7 15. Bb4 (15. cxb5 $11 cxb5 16. Qd3) 15... Rfe8 (15... axb3 $17 16. Rxb3 dxc4) 16. cxb5 $11 cxb5 17. Bf1 Rab8 18. Rc1 Ng4 {White should prevent ...Bxd4!} 19. h3 Nxe3 20. fxe3 {[#] Nhf3 is the strong threat.} Bxd4 $1 21. exd4 Qxd4+ 22. Kh2 Qxb4 23. Qc3 Qd6 24. Nhf3 {[%cal Bh4f3,Bf3e5,Be5g6,Bg6f4][%mdl 32]} Nf6 (24... Rec8 $11 25. Qxc8+ Rxc8 26. Rxc8+ Kg7) 25. Qc5 Qa6 (25... Qxc5 $1 $14 26. Rxc5 Rec8 27. Rxc8+ (27. Rxb5 Rxb5 28. Bxb5 Rc2 $11) 27... Rxc8) 26. Ne5 $16 h5 27. Ndf3 Ne4 28. Qb4 Qa7 (28... Rbc8 $16 {might work better.}) 29. Qd4 $18 Qb7 (29... Qb6 {is a better defense.} 30. Qxb6 (30. bxa4 bxa4 31. Bg2 Kg7 $14) 30... Rxb6) 30. Rc6 $40 {[%mdl 128] White has strong attack.} ({Less strong is} 30. bxa4 bxa4 31. Bd3 Rec8 $14) 30... Rbc8 {[#]} (30... Rec8 {keeps fighting.}) 31. Nxg6 $1 {[%csl Gg6][%cal Rd4h8][%mdl 512]} Kh7 (31... fxg6 32. Rxe6) 32. Rxc8 Qxc8 33. Nf4 ({Inferior is} 33. Bxb5 Qc2+ 34. Kg1 Rg8 $11) 33... Qc2+ 34. Bg2 Rg8 35. Ne1 ({Resist} 35. Nxh5 Qc7 $18) 35... Qc6 36. Bxe4+ dxe4 37. Qe5 h4 38. Qh5+ Kg7 39. Qxh4 {Precision: White = 52%, Black = 28%.} 1-0

[Event "3rd Sharjah Masters 2019"]
[Site "Sharjah"]
[Date "2019.03.27"]
[Round "6.40"]
[White "Blagojevic, Tijana"]
[Black "Arencibia Rodriguez, Walter"]
[Result "0-1"]
[WhiteElo "2206"]
[BlackElo "2506"]
[Annotator "TA"]
[PlyCount "90"]
[EventDate "2019.03.22"]
[EventType "swiss"]
[EventCountry "UAE"]
[SourceTitle "playchess.com"]
[Source "ChessBase"]
[SourceQuality "1"]

{[%evp 14,90,12,20,25,27,37,39,32,29,61,55,77,61,90,85,86,88,133,131,125,87,134,137,127,62,63,37,40,52,43,16,19,0,2,-69,-69,-69,-60,-69,-59,-82,-83,-85,-93,-253,-262,-270,-256,-351,-340,-394,-393,-397,-390,-483,-320,-346,-368,-358,-347,-379,-378,-374,-356,-375,-377,-375,-363,-363,-332,-416,-391,-515,-571,-619,-554,-545,-514]} 1. e4 c5 2. Nf3 g6 3. d4 cxd4 4. Qxd4 Nf6 5. Nc3 Nc6 6. Qa4 d6 7. e5 dxe5 8. Nxe5 Qd4 {B27: Sicilian: 2 Nf3, unusual Black 2nd moves} (8... Bd7 9. Nxd7 Qxd7 10. Be2 Bg7 11. O-O O-O 12. Rd1 Qf5 13. Bd3 Qh5 14. Qb5 Qxb5 15. Bxb5 Nb4 16. Ba4 {1-0 (60) Guseinov,G (2664)-Gordievsky,D (2614) St Petersburg 2018}) 9. Nxc6 Qxa4 10. Nxa4 {[#] Threatens to win with Ne5.} bxc6 {White is slightly better.} 11. Bd2 Ne4 $146 ({Predecessor:} 11... Bg7 12. Be2 O-O 13. O-O-O Rb8 14. Bf3 Be6 15. b3 Bd5 16. Rhe1 {1-0 (37) Stojanovic,D (2503)-Gomez,J (2526) Tromsoe 2014}) 12. Be3 Bg7 13. Be2 Rb8 14. O-O-O O-O 15. b3 a5 16. Bf3 Rb4 17. c4 Rxa4 18. bxa4 Nc3 19. Rd2 (19. Bxc6 $16 Nxa2+ 20. Kd2) 19... Be6 $14 20. Bd4 Bxd4 21. Rxd4 Rb8 $1 22. Kd2 c5 23. Rd3 Nxa2 24. Bd5 ({White should try} 24. Ra1 $11 Rb2+ 25. Ke1) 24... Bf5 $1 $15 {Hoping for ...e6.} 25. Ra3 Rb2+ 26. Ke3 Nb4 27. Be4 Bxe4 28. Kxe4 Rxf2 $17 {[%mdl 4096] Endgame KRR-KRN} 29. Rd1 $2 {[#]} (29. g4 $17 {is a better defense.}) 29... f5+ $1 $19 ({But not} 29... Rxg2 30. Rd7 $17) 30. Ke5 Kf7 ({Don't do} 30... Rxg2 31. Ke6 $17) 31. Rd7 Rxg2 32. Rc7 Rg4 {[%csl Gf5][%cal Rg4e4]} 33. Re3 Rxc4 34. Rc8 Nc2 35. Rh3 {[%cal Rh3h7]} h5 36. Kd5 Rxa4 37. Rxc5 Nb4+ 38. Ke5 Na6 {( -> ...Re4+)} 39. Rc8 Re4+ 40. Kd5 Nb4+ 41. Kc5 Re2 42. Kb5 Nd5 43. Kxa5 e6 {Black is clearly winning.} 44. Rc4 Kf6 45. Kb5 Ne3 {Accuracy: White = 37%, Black = 82%.} 0-1

[Event "3rd Sharjah Masters 2019"]
[Site "Sharjah"]
[Date "2019.03.27"]
[Round "6.41"]
[White "Paramzina, Anastasya"]
[Black "Nasanjargal, Urtnasan"]
[Result "0-1"]
[WhiteElo "2196"]
[BlackElo "2503"]
[Annotator "RC"]
[PlyCount "130"]
[EventDate "2019.03.22"]
[EventType "swiss"]
[EventCountry "UAE"]
[SourceTitle "playchess.com"]
[Source "ChessBase"]
[SourceQuality "1"]
[TimeControl "5400+30"]

1. e4 {[%emt 0:00:00]} g6 {[%emt 0:00:00]} 2. d4 {[%emt 0:00:00]} Bg7 {[%emt 0:00:00]} 3. c3 {[%emt 0:00:19]} d6 {[%emt 0:00:59]} 4. Bc4 {[%emt 0:05:06]} Nf6 {[%emt 0:02:34]} 5. Qe2 {[%emt 0:00:54]} O-O {[%emt 0:01:12]} 6. Nf3 {[%emt 0:01:41]} Nc6 {[%emt 0:04:18]} 7. O-O {[%emt 0:23:07]} e5 {[%emt 0:00:13]} 8. dxe5 {[%emt 0:01:06]} dxe5 {[%emt 0:01:05]} 9. b4 {[%emt 0:08:41]} a6 {[%emt 0:12:07]} 10. a4 {[%emt 0:02:10]} Nh5 {[%emt 0:00:18]} 11. Rd1 {[%emt 0:02:07]} Qe8 {[%emt 0:11:23]} 12. Ba3 {[%emt 0:08:54]} Nf4 {[%emt 0:02:25]} 13. Qf1 {[%emt 0:07:14]} Be6 {[%emt 0:01:39]} 14. b5 {[%emt 0:01:01]} Bxc4 {[%emt 0:01:41]} 15. Qxc4 {[%emt 0:00:08]} axb5 {[%emt 0:02:35]} 16. axb5 {[%emt 0:00:04]} Na5 {[%emt 0:03:30]} 17. Qa2 {[%emt 0:14:19]} Qc8 {[%emt 0:04:00]} 18. h3 {[%emt 0:03:44]} Rd8 {[%emt 0:01:57]} 19. Rxd8+ {[%emt 0:03:08]} Qxd8 {[%emt 0:00:12]} 20. Kh2 {[%emt 0:00:02]} Qd3 {[%emt 0:12:14]} 21. Nbd2 {[%emt 0:00:02]} Qxb5 {[%emt 0:00:44]} 22. Bb4 {[%emt 0:00:39]} b6 {[%emt 0:00:19]} 23. Nc4 {[%emt 0:00:18]} Bf6 {[%emt 0:01:06]} 24. Bxa5 {[%emt 0:05:10]} bxa5 {[%emt 0:00:09]} 25. Nxa5 {[%emt 0:01:15]} c6 {[%emt 0:06:20]} 26. Nd2 {[%emt 0:00:54]} Bd8 {[%emt 0:14:53]} 27. Ndc4 {[%emt 0:01:28]} Ne6 {[%emt 0:00:12]} 28. Qd2 {[%emt 0:04:20]} Bxa5 {[%emt 0:00:57]} 29. Nxa5 {[%emt 0:00:07]} Nc5 {[%emt 0:02:49]} 30. c4 {[%emt 0:00:59]} Qb6 {[%emt 0:00:47]} 31. f3 {[%emt 0:00:55]} Ne6 {[%emt 0:03:52]} 32. Nb3 {[%emt 0:01:50]} Rxa1 {[%emt 0:00:20]} 33. Nxa1 {[%emt 0:00:09]} Nd4 {[%emt 0:00:06]} 34. Qa2 {[%emt 0:01:57]} Qc5 {[%emt 0:03:22]} 35. Kg3 {[%emt 0:01:40]} Kg7 {[%emt 0:01:42]} 36. h4 {[%emt 0:01:15]} Qb4 {[%emt 0:00:12]} 37. Kf2 {[%emt 0:00:25]} h5 {[%emt 0:00:34]} 38. Ke3 {[%emt 0:00:44]} Qc3+ {[%emt 0:00:33]} 39. Kf2 {[%emt 0:00:04]} c5 {[%emt 0:00:46]} 40. Kf1 {[%emt 0:00:11]} Qc1+ {[%emt 0:01:11]} 41. Kf2 {[%emt 0:00:04]} Qc3 {[%emt 0:02:28]} 42. Kf1 {[%emt 0:00:12]} Qe3 {[%emt 0:00:19]} 43. Qb1 {[%emt 0:00:35]} Qe2+ {[%emt 0:00:17]} 44. Kg1 {[%emt 0:00:04]} Qxc4 {[%emt 0:00:09]} 45. Kh2 {[%emt 0:01:24]} Qe2 {[%emt 0:00:33]} 46. Qb8 {[%emt 0:00:33]} Nxf3+ {[%emt 0:00:47]} 47. Kg3 {[%emt 0:01:15]} Ne1 {[%emt 0:00:56]} 48. Qxe5+ {[%emt 0:00:08]} Kh7 {[%emt 0:00:04]} 49. Qc3 {[%emt 0:01:22]} Qxe4 {[%emt 0:01:54]} 50. Kf2 {[%emt 0:00:38]} Nd3+ {[%emt 0:00:26]} 51. Kg1 {[%emt 0:00:23]} Qe3+ {[%emt 0:00:30]} 52. Kh2 {[%emt 0:00:12]} Qf4+ {[%emt 0:00:06]} 53. Kg1 {[%emt 0:00:10]} Qf2+ {[%emt 0:00:07]} 54. Kh2 {[%emt 0:00:02]} Qxh4+ {[%emt 0:00:06]} 55. Kg1 {[%emt 0:00:01]} Qf2+ {[%emt 0:00:28]} 56. Kh2 {[%emt 0:00:12]} Nf4 {[%emt 0:00:21]} 57. Qg3 {[%emt 0:00:08]} Qxg3+ {[%emt 0:00:23]} 58. Kxg3 {[%emt 0:00:03]} g5 {[%emt 0:00:17]} 59. Kf3 {[%emt 0:00:03]} f5 {[%emt 0:00:19]} 60. g3 {[%emt 0:00:10]} Ne6 {[%emt 0:00:24]} 61. Nc2 {[%emt 0:00:12]} Kg6 {[%emt 0:00:15]} 62. Ke3 {[%emt 0:00:53]} g4 {[%emt 0:00:24]} 63. Ne1 {[%emt 0:00:20]} Kg5 {[%emt 0:00:12]} 64. Ng2 {[%emt 0:00:01]} c4 {[%emt 0:00:29]} 65. Kd2 {[%emt 0:01:15]} Nc5 {[%emt 0:00:13]} 0-1

[Event "3rd Sharjah Masters 2019"]
[Site "Sharjah"]
[Date "2019.03.27"]
[Round "6.42"]
[White "Lorparizangeneh, Shahin"]
[Black "Franco Valencia, Angela"]
[Result "1-0"]
[WhiteElo "2493"]
[BlackElo "2141"]
[Annotator "TA"]
[PlyCount "18"]
[EventDate "2019.03.22"]
[EventType "swiss"]
[EventCountry "UAE"]
[SourceTitle "playchess.com"]
[Source "ChessBase"]
[SourceQuality "1"]

{[%evp 9,18,41,36,39,48,55,71,72,69,39,69]} 1. Nf3 f5 2. d3 Nc6 3. d4 (3. e4 e5 4. Nc3 Bb4 5. exf5 d5 6. d4 e4 7. Bg5 Be7 8. Bxe7 Ngxe7 9. Nh4 Bxf5 10. Qh5+ g6 11. Qh6 Qd6 12. Bb5 {½-½ (30) Malakhov,V (2654)-Ivanchuk,V (2714) Zagreb 2018}) 3... d5 4. c4 e6 5. Nc3 Nf6 6. Bg5 $146 {A04: Unusual lines after 1 Nf3 and King's Indian Attack} ({Predecessor:} 6. Bf4 Bd6 7. e3 O-O 8. Be2 Bxf4 9. exf4 dxc4 10. Bxc4 {1-0 (60) Haria,R (2417)-Shaw,P (2103) Llandudno 2017}) 6... Bb4 7. e3 h6 8. Bxf6 Qxf6 9. Qb3 a6 1-0

[Event "3rd Sharjah Masters 2019"]
[Site "Sharjah"]
[Date "2019.03.27"]
[Round "6.43"]
[White "Shyaamnikhil P"]
[Black "Sultan, Ibrahim"]
[Result "1-0"]
[WhiteElo "2429"]
[BlackElo "2121"]
[Annotator "TA"]
[PlyCount "125"]
[EventDate "2019.03.22"]
[EventType "swiss"]
[EventCountry "UAE"]
[SourceTitle "playchess.com"]
[Source "ChessBase"]
[SourceQuality "1"]

{[%evp 15,125,0,11,-9,-9,-31,-27,-35,-28,-20,25,16,49,56,61,43,36,33,41,33,51,41,97,100,75,84,109,81,116,112,128,125,165,148,193,153,148,105,132,153,168,143,169,164,225,168,352,248,242,241,347,352,357,342,341,326,446,446,412,351,421,166,832,810,722,92,100,93,68,16,20,0,0,0,27,27,48,41,35,43,8,11,0,-8,86,102,298,293,277,274,241,160,123,95,357,357,375,377,742,410,353,409,801,787,5131,1395,5170,5163,29984,29985,29988,29989]} 1. Nf3 d5 2. g3 c6 3. Bg2 Nf6 4. O-O Bg4 5. d3 e6 6. Nbd2 Be7 7. h3 Bh5 8. e4 O-O 9. Qe1 {A07: Réti Opening: New York and Capablanca Systems} Nbd7 10. Nh2 (10. Kh1 a5 11. Nh2 Ne8 12. g4 Bg6 {0-1 (51) Sychev,K (2537)-Sargissian,G (2689) St Petersburg 2018}) 10... e5 11. Ndf3 {Black has an edge.} dxe4 12. dxe4 Bg6 $146 ({Predecessor:} 12... Qb6 13. Nh4 g6 14. g4 Rad8 15. N4f3 Qb5 16. Nd2 {1-0 (28) Boos,M (1721)-Tropf,P (1920) GER email 2010}) 13. Nh4 Ne8 14. Nxg6 hxg6 15. h4 Nef6 16. Qe2 Qb6 17. Nf3 Rfe8 18. Ng5 Nh7 ({Black should play} 18... Rad8 $14) 19. Nxh7 $16 Kxh7 20. h5 gxh5 21. Qxh5+ Kg8 22. Bf3 Bf6 23. Kg2 Kf8 24. Be3 Qc7 25. Bg4 b6 26. Qf5 Re6 27. Rh1 {aiming for Rh8+.} Ke7 28. a4 {[%cal Ba2a4,Ba4a5][%mdl 32]} Rd6 29. a5 Re8 (29... g6 $142 30. Qf3 Rd8) 30. Qf3 Nc5 $2 (30... c5 31. Qe2 Nf8) 31. Bxc5 bxc5 32. Qc3 Red8 (32... c4 $142 33. Qxc4 g6) 33. Qxc5 $18 g6 34. Rh7 Kf8 35. Rah1 Kg8 36. Qe3 $1 {[%cal Re3h6]} Bg7 37. Qg5 {Hoping for Qh4.} Re8 38. b4 $2 (38. Rxg7+ Kxg7 39. Qh6+ Kf6 40. Rh5) 38... Rd4 $2 (38... Qe7 39. Qe3 Qc7) 39. Qh4 {White wants to mate with Rh8+!} Kf8 {[#]} 40. Rxg7 $2 (40. Rh8+ $1 $18 {[%mdl 512]} Bxh8 41. Qxh8+ Ke7 42. Qh4+ f6 43. Qh7+ Kd8 44. Qxg6) 40... Kxg7 $16 41. Qh6+ $1 ({Much worse is} 41. c3 $6 Rxe4 42. f3 Re2+ 43. Kf1 Rb2 $11) 41... Kf6 42. Rh5 (42. c3 $1 $14 Rxe4 43. Bf3) 42... Rg8 $1 $11 43. Qg5+ Kg7 44. Qh6+ Kf6 45. Rf5+ Ke7 46. Qg5+ Kf8 47. Rxe5 {Strongly threatening Re6.} Rxb4 48. Qf6 Rb8 49. Re6 Qd8 (49... Re8 $1 $11 {keeps the balance.}) 50. Qf4 $16 {[%mdl 1024] White has strong compensation.} c5 $2 {[#]} (50... g5 $16 51. Qf3 Qxa5) 51. Rf6 $1 $18 {[%cal Rf6f7]} Rg7 {[#]} 52. Be6 $1 {[%cal Rf6f7]} Rb7 53. a6 $40 {[%mdl 128] White wants a kill.} Re7 54. Bd5 Qc7 $2 {[%mdl 8192]} (54... Rh7 $16 {was called for.}) 55. Qh6 {Rxg6! would kill now.} Kg8 56. Rc6 Qe5 $2 (56... Qb8 57. c4 (57. Rxc5 Qe8 $18) 57... Qf8 58. Rxg6 Rxg6 59. Qxg6+ Qg7) 57. Rxc5 Qb8 58. c4 g5 (58... Re8 $142 59. Rc6 Re7) 59. Qf6 Rc7 60. Rb5 (60. Qd6 $142 Rxc5 61. Qxb8+ Kh7 62. Qxa7 {[%mdl 64] Double Attack}) 60... Qc8 61. e5 Rh7 62. e6 Kf8 63. Rb7 {Accuracy: White = 61%, Black = 26%.} 1-0

[Event "3rd Sharjah Masters 2019"]
[Site "Sharjah"]
[Date "2019.03.27"]
[Round "6.44"]
[White "Dimakiling, Oliver"]
[Black "Shiva, Pavan Teja Sharma U"]
[Result "1-0"]
[WhiteElo "2423"]
[BlackElo "2093"]
[Annotator "TA"]
[PlyCount "66"]
[EventDate "2019.03.22"]
[EventType "swiss"]
[EventCountry "UAE"]
[SourceTitle "playchess.com"]
[Source "ChessBase"]
[SourceQuality "1"]

{[%evp 13,66,0,10,7,60,49,60,27,27,26,42,14,12,13,20,0,16,19,53,59,54,10,121,106,123,112,118,116,108,84,149,52,91,91,92,90,100,90,96,83,91,58,56,56,64,63,85,40,59,54,166,166,150,156,200]} 1. c4 e5 2. Nc3 Nf6 3. Nf3 Nc6 4. e4 Bc5 5. Nxe5 Nxe5 6. d4 Bb4 7. dxe5 Nxe4 $1 8. Qf3 {A28: English Opening: Four Knights Variation} Ng5 (8... Nxc3 $11 9. bxc3 Ba5) (8... Nxc3 9. bxc3 Be7 10. Qg3 g6 11. Bh6 d6 12. Be2 Be6 13. Rd1 Qd7 14. exd6 cxd6 15. O-O O-O-O {1-0 (24) Carlsen,M (2835)-Giri,A (2783) St Petersburg 2018}) 9. Qg3 $14 Ne6 10. a3 {White is slightly better.} Bxc3+ $1 11. Qxc3 b6 $146 ({Predecessor:} 11... d6 12. Be3 dxe5 13. Qxe5 O-O 14. Rd1 Qe7 15. Be2 f6 {1-0 (62) Demidov,M (2514)-Sanzhaev,D (2363) Samara 2016}) 12. Be3 Bb7 13. O-O-O Qe7 14. f3 O-O-O 15. Bd3 $36 {[%mdl 2048] White has the initiative.} Bc6 16. b4 Kb8 17. c5 d5 {[#]} (17... Rhe8 $11) 18. exd6 $1 $16 {[%mdl 64] Overworked Piece} ({And not} 18. cxb6 cxb6 19. Qb2 (19. Qxc6 $2 Rc8 $19) 19... d4 $15) 18... cxd6 19. cxb6 axb6 {Threatening ...Rc8.} 20. Kb1 ({Reject} 20. Bxb6 Rc8 $11) 20... Rc8 21. Qd2 ({Much worse is} 21. Bxb6 Bxf3 22. Qd2 Bxd1 $11) 21... b5 (21... Qa7 $142) 22. f4 ({White should play} 22. Rhe1 $16) 22... g6 23. f5 Nc7 24. Rhe1 Qd7 25. Bc2 Nd5 26. Bd4 Rhe8 27. Rf1 Qe7 28. Rde1 Qh4 29. g3 Qg4 30. f6 Bd7 31. Kb2 Rc4 (31... Rxe1 $14 32. Rxe1 Be6) 32. Rxe8+ $18 Bxe8 {[#]} 33. Rd1 $1 Rc6 {Accuracy: White = 61%, Black = 41%.} 1-0

[Event "3rd Sharjah Masters 2019"]
[Site "Sharjah"]
[Date "2019.03.27"]
[Round "6.45"]
[White "Zarkovic, Mila"]
[Black "Akshat, Khamparia"]
[Result "0-1"]
[WhiteElo "2187"]
[BlackElo "2415"]
[Annotator "TA"]
[PlyCount "74"]
[EventDate "2019.03.22"]
[EventType "swiss"]
[EventCountry "UAE"]
[SourceTitle "playchess.com"]
[Source "ChessBase"]
[SourceQuality "1"]

{[%evp 17,74,87,67,26,45,28,29,0,75,-18,-8,-13,31,5,16,-8,0,-31,-31,-39,-37,-151,-138,-153,-150,-137,-137,-142,-163,-157,0,-89,0,-149,-152,-155,-139,-240,-260,-214,-264,-257,-250,-433,-428,-535,-480,-640,-636,-737,-738,-734,-727,-720,-736,-733,-723,-700,-686]} 1. e4 c5 2. Nf3 d6 3. d4 cxd4 4. Nxd4 Nf6 5. Nc3 g6 6. Be3 Bg7 7. f3 Nc6 8. Qd2 Bd7 9. O-O-O h5 10. h4 {B75: Sicilian Dragon: Yugoslav Attack, Miscellaneous} (10. Bc4 Ne5 11. Bb3 Rc8 12. Kb1 a6 13. Bg5 O-O 14. h3 Nc4 15. Qd3 b5 16. g4 Rc5 17. Bc1 Qb6 18. g5 Nh7 19. Nd5 Qd8 {1-0 (48) Karjakin,S (2760)-El Adnani,M (2448) Riadh 2017}) 10... Rc8 11. Kb1 Ne5 12. Nb3 {White has an edge.} a5 (12... a6 $11 {remains equal.}) 13. Qf2 ({White should play} 13. a4 $16) 13... Rxc3 $11 14. bxc3 a4 $146 ({Predecessor:} 14... Neg4 15. fxg4 Nxe4 16. Qf4 Nxc3+ 17. Kc1 Nxa2+ {0-1 (42) Govedarica,R (2415)-Laube,B (2188) Wattens 1988}) 15. Bb6 Qc8 16. Na5 Qxc3 17. Qd4 Qc8 $1 18. Nc4 Nc6 19. Nxd6+ (19. Qb2 $1 $15) 19... exd6 $17 20. Qxd6 Be6 $1 21. Bb5 Nd7 22. Be3 Bf8 $1 {[%cal Rf8d6]} 23. Qd2 Bg7 (23... Bb4 $142 24. c3 Be7 25. Bxa4 Nde5) 24. Qd6 {[#]} Bf8 ({Black should try} 24... Qd8 $1 25. Bxc6 bxc6) 25. Qd2 $1 Bb4 $36 {[%mdl 2048] Black is really pushing.} 26. c3 Be7 27. Bxa4 (27. Bg5 $17) 27... Nde5 $19 28. Bb3 {[#]} Nc4 $1 {[%cal Rc4d2][%mdl 1024] Black has strong compensation.} 29. Qe2 b5 30. Bd4 $2 (30. Bg5 {might work better.}) 30... O-O {Black is clearly winning.} 31. Rd3 Qa6 32. g4 Ra8 33. gxh5 Na3+ 34. Kc1 Bxb3 35. axb3 {[#]} Nc4 $1 {[%mdl 512] ( -> ...Qa1+)} 36. Qc2 (36. bxc4 Qa1+) 36... Qa3+ 37. Kd1 Qa1+ {Accuracy: White = 31%, Black = 69%.} 0-1